00471nam a2200145Ia 4500003000900000008004100009040001600050080001500066100002200081245013600103260001900239300001400258650004100272650001200313IN-BaIIA211028s9999 xx 000 0 eng d cIIA Library a530.1bWHI aWhittaker, Edmund 0aFrom Euclid to Eddingtonba study of conceptions of the external worldcEdmund Whittaker  aNew Yorkc1958 aix, 212p. aAstronomy and astrophysics thesaurus aPhysics